UBT Library

Vulnerable populations in the United States / (Record no. 42019)

000 -LEADER
fixed length control field 00937cam a22002774a 4500
001 - CONTROL NUMBER
control field 13632688
005 - DATE AND TIME OF LATEST TRANSACTION
control field 20180207073853.0
008 - FIXED-LENGTH DATA ELEMENTS--GENERAL INFORMATION
fixed length control field 040622s2005 cauab b 001 0 eng
010 ## - LIBRARY OF CONGRESS CONTROL NUMBER
LC control number 2004014537
020 ## - INTERNATIONAL STANDARD BOOK NUMBER
International Standard Book Number 0787969583 (alk. paper)
035 ## - SYSTEM CONTROL NUMBER
System control number (DNLM)101222817
040 ## - CATALOGING SOURCE
Original cataloging agency DNLM/DLC
Transcribing agency DLC
Modifying agency DLC
041 ## - LANGUAGE CODE
Language code of text/sound track or separate title eng
042 ## - AUTHENTICATION CODE
Authentication code pcc
043 ## - GEOGRAPHIC AREA CODE
Geographic area code n-us---
060 10 - NATIONAL LIBRARY OF MEDICINE CALL NUMBER
Classification number WA 300
Item number S555v 2005
080 ## - UNIVERSAL DECIMAL CLASSIFICATION NUMBER
Universal Decimal Classification number 362.108./9420973 shi
082 00 - DEWEY DECIMAL CLASSIFICATION NUMBER
Classification number 362.108./9420973 shi
Edition number 22
100 1# - Rafti
Rafti 49
101 ## - Shkurtesa
Shkurtesa soc
245 10 - TITLE STATEMENT
Title Vulnerable populations in the United States /
Statement of responsibility, etc Leiyu Shi, Gregory D. Stevens.
504 ## - BIBLIOGRAPHY, ETC. NOTE
Bibliography, etc Includes bibliographical references (p. 273-296) and indexes.
906 ## - LOCAL DATA ELEMENT F, LDF (RLIN)
a 7
b cbc
c orignew
d 1
e ecip
f 20
g y-gencatlg
942 ## - ADDED ENTRY ELEMENTS (KOHA)
Source of classification or shelving scheme
Item type Books
Holdings
Withdrawn status Lost status Source of classification or shelving scheme Damaged status Not for loan Collection code Permanent location Current location Shelving location Date acquired Total Checkouts Full call number Barcode Date last seen Price effective from Koha item type
          Koleksioni i përgjithshem UBT - Lipjan UBT - Lipjan Koleksioni i përgjithshem 02/07/2018   362.108./9420973 shi 002-2998984 02/07/2018 02/07/2018 Books
          Koleksioni i përgjithshem UBT - Lipjan UBT - Lipjan Koleksioni i përgjithshem 02/07/2018   362.108./9420973 shi 002-2998974 02/07/2018 02/07/2018 Books
UBT Library © 2015-2024. All rights reserved University Education for Business and Technology